[Event "HUN-chT2 Barcza 1718"]
[Site "Hungary"]
[Date "2018.03.04"]
[Round "9.7"]
[White "Hercz, Vendel"]
[Black "Kaman, Attila"]
[Result "0-1"]
[WhiteElo "1716"]
[BlackElo "2066"]
[PlyCount "60"]
[EventDate "2017.09.24"]
[EventType "team-tourn"]
[EventRounds "11"]
[EventCountry "HUN"]
[SourceTitle "EXT 2021"]
[Source "ChessBase"]
[SourceDate "2020.10.23"]
[SourceVersion "1"]
[SourceVersionDate "2020.10.23"]
[SourceQuality "1"]
[WhiteTeam "Hajduszoboszlo"]
[BlackTeam "Hajduboszormeny"]
[WhiteTeamCountry "HUN"]
[BlackTeamCountry "HUN"]

1. e4 c5 2. Nf3 d6 3. d4 cxd4 4. Nxd4 a6 5. Nc3 Nf6 6. Be2 e5 7. Nf3 Be7 8. 0-0 0-0 9. Re1 b5 10. a3 Bb7 11. Bd3 Nbd7 12. Be3 Rc8 13. Rc1 Nb6 14. Bxb6 Qxb6 15. Nd5 Nxd5 16. exd5 f5 17. c3 e4 18. Bc2 Bf6 19. Nd2 Bxd5 20. Qh5 Be5 21. Rcd1 Rf6 22. Nf1 Bf7 23. Qh3 Be6 24. Qh5 Rd8 25. Re3 Bf4 26. Ree1 Rh6 27. Qe2 Bc4 28. Bb3 Bxb3 29. Rd4 Be5 30. Rd2 d5 0-1

[Event "HUN-chT2 Barcza 1718"]
[Site "Hungary"]
[Date "2017.10.08"]
[Round "2.9"]
[White "Hercz, Vendel"]
[Black "Karacsony, Zsolt"]
[Result "0-1"]
[WhiteElo "1716"]
[BlackElo "2060"]
[PlyCount "150"]
[EventDate "2017.09.24"]
[EventType "team-tourn"]
[EventRounds "11"]
[EventCountry "HUN"]
[SourceTitle "EXT 2021"]
[Source "ChessBase"]
[SourceDate "2020.10.23"]
[SourceVersion "1"]
[SourceVersionDate "2020.10.23"]
[SourceQuality "1"]
[WhiteTeam "Hajduszoboszlo"]
[BlackTeam "Szirmabesenyo"]
[WhiteTeamCountry "HUN"]
[BlackTeamCountry "HUN"]

1. e4 c6 2. Nf3 d5 3. exd5 cxd5 4. d4 Nc6 5. Bf4 Bg4 6. Be2 e6 7. Nbd2 Qb6 8. Nb3 Nf6 9. 0-0 Be7 10. h3 Bh5 11. Ne5 Bxe2 12. Qxe2 0-0 13. c3 a5 14. Qc2 Rfc8 15. Nxc6 Rxc6 16. Be3 Ne4 17. Nd2 Nd6 18. Rab1 Nf5 19. Qd3 Qc7 20. Nf3 Bf6 21. Rfe1 Rb8 22. Bd2 b5 23. b4 axb4 24. Rxb4 Rc4 25. Reb1 Nd6 26. a4 Rxb4 27. Rxb4 bxa4 28. Rxa4 Nc4 29. Bc1 h6 30. Qc2 Be7 31. Nd2 Nxd2 32. Qxd2 Qc6 33. Qc2 Qb5 34. Ra1 Qc6 35. Bd2 Bf6 36. Qa2 Qb5 37. Bf4 Rc8 38. Bd2 Qd3 39. Qa6 Rc4 40. Qa2 g5 41. Be1 Kg7 42. Qb3 Rxd4 43. Rc1 Rc4 44. Rd1 Qe2 45. Rc1 d4 46. Qc2 Qxc2 47. Rxc2 dxc3 48. Kf1 Kg6 49. Ke2 h5 50. Kd3 Rd4+ 51. Ke3 Rc4 52. Kd3 Rf4 53. Bxc3 Bxc3 54. Kxc3 f5 55. Kd3 g4 56. hxg4 Rxg4 57. f3 Ra4 58. Ke3 Kg5 59. g3 f4+ 60. Kf2 fxg3+ 61. Kxg3 h4+ 62. Kg2 Kf4 63. Re2 e5 64. Kh3 Ra1 65. Kh2 Ra5 66. Re4+ Kxf3 67. Rxh4 e4 68. Rh6 Rg5 69. Rf6+ Ke2 70. Re6 e3 71. Re7 Kf2 72. Rf7+ Ke1 73. Re7 e2 74. Re6 Rd5 75. Kg2 Kd2 0-1

[Event "HUN-chT2 Barcza 1617"]
[Site "Hungary"]
[Date "2017.02.12"]
[Round "8.11"]
[White "Varga, Marcell1111"]
[Black "Hercz, Vendel"]
[Result "1-0"]
[WhiteElo "1826"]
[BlackElo "1587"]
[PlyCount "83"]
[EventDate "2016.09.25"]
[EventType "team-tourn"]
[EventRounds "11"]
[EventCountry "HUN"]
[SourceTitle "EXT 2021"]
[Source "ChessBase"]
[SourceDate "2020.10.23"]
[SourceVersion "1"]
[SourceVersionDate "2020.10.23"]
[SourceQuality "1"]
[WhiteTeam "Nyiregyhaza SISE"]
[BlackTeam "Hajduszoboszlo"]
[WhiteTeamCountry "HUN"]
[BlackTeamCountry "HUN"]

1. e4 c5 2. Nf3 d6 3. Bb5+ Bd7 4. Bxd7+ Nxd7 5. 0-0 g6 6. c4 Bg7 7. Nc3 Ngf6 8. Qe2 0-0 9. Rd1 Qc7 10. d4 cxd4 11. Nxd4 Ne5 12. b3 a6 13. Bb2 Rad8 14. Rac1 Nc6 15. Nd5 Nxd5 16. cxd5 Nxd4 17. Bxd4 Qd7 18. Bxg7 Kxg7 19. Rc4 Rc8 20. Rdc1 Rxc4 21. Qxc4 Rd8 22. h3 Kf8 23. Qc3 Kg8 24. a4 b5 25. Qc7 Kg7 26. Rc6 bxa4 27. bxa4 a5 28. Qxa5 Rc8 29. Qb5 Rc7 30. Qb2+ f6 31. Rxc7 Qxc7 32. Qd4 Qa5 33. Kh2 Qe1 34. Qa7 Qxe4 35. a5 Kf7 36. a6 h5 37. Qe3 Qxd5 38. a7 h4 39. Qf3 Qe5+ 40. g3 hxg3+ 41. fxg3 Qb2+ 42. Qg2 1-0

[Event "HUN-chT2 Barcza 1617"]
[Site "Hungary"]
[Date "2016.11.27"]
[Round "5.10"]
[White "Hercz, Vendel"]
[Black "Runda, Mate Bence"]
[Result "0-1"]
[WhiteElo "1587"]
[BlackElo "1861"]
[PlyCount "64"]
[EventDate "2016.09.25"]
[EventType "team-tourn"]
[EventRounds "11"]
[EventCountry "HUN"]
[SourceTitle "EXT 2021"]
[Source "ChessBase"]
[SourceDate "2020.10.23"]
[SourceVersion "1"]
[SourceVersionDate "2020.10.23"]
[SourceQuality "1"]
[WhiteTeam "Hajduszoboszlo"]
[BlackTeam "Lillafured DVTK II"]
[WhiteTeamCountry "HUN"]
[BlackTeamCountry "HUN"]

1. e4 d6 2. Nc3 Nf6 3. Nf3 g6 4. d4 Bg7 5. Bc4 c6 6. d5 b5 7. Bb3 b4 8. Ne2 Nxe4 9. dxc6 Nf6 10. Ba4 Qc7 11. 0-0 Nxc6 12. Qd4 0-0 13. Qc4 Bd7 14. Nfd4 d5 15. Qc5 Ne4 16. Qxd5 Nxd4 17. Nxd4 Bxa4 18. Qxe4 Rfd8 19. Nb3 a5 20. Bf4 Qc6 21. Qxc6 Bxc6 22. Bc7 Rd5 23. Rad1 a4 24. Rxd5 Bxd5 25. Na5 Bxb2 26. Rb1 a3 27. Nb3 Be4 28. Re1 Bxc2 29. Re3 Bb1 30. Be5 Bxa2 31. Na1 Bxe5 32. Rxe5 b3 0-1

[Event "HUN-chT2 Barcza 1617"]
[Site "Hungary"]
[Date "2016.10.30"]
[Round "3.12"]
[White "Hercz, Vendel"]
[Black "Pal, Martin"]
[Result "1-0"]
[WhiteElo "1587"]
[BlackElo "1438"]
[PlyCount "65"]
[EventDate "2016.09.25"]
[EventType "team-tourn"]
[EventRounds "11"]
[EventCountry "HUN"]
[SourceTitle "EXT 2021"]
[Source "ChessBase"]
[SourceDate "2020.10.23"]
[SourceVersion "1"]
[SourceVersionDate "2020.10.23"]
[SourceQuality "1"]
[WhiteTeam "Hajduszoboszlo"]
[BlackTeam "Kazincbarcika"]
[WhiteTeamCountry "HUN"]
[BlackTeamCountry "HUN"]

1. e4 c5 2. Nf3 Nc6 3. d4 cxd4 4. Nxd4 e5 5. Nf3 d6 6. h3 Be7 7. Nc3 f5 8. exf5 Bxf5 9. Bd3 Bxd3 10. Qxd3 Nf6 11. Nd5 0-0 12. 0-0 h6 13. c3 Qe8 14. Be3 Bd8 15. Rad1 e4 16. Nxf6+ Rxf6 17. Qd5+ Kh8 18. Nd4 Rc8 19. Nf5 Be7 20. Qxe4 Qd7 21. Nxe7 Qxe7 22. Qxe7 Nxe7 23. Bxa7 Ra8 24. Bd4 Re6 25. a3 Ng6 26. Rfe1 Rxe1+ 27. Rxe1 Rf8 28. Re6 Nf4 29. Rxh6+ Kg8 30. Rxd6 Re8 31. Be3 Ne6 32. Bb6 Kh8 33. c4 1-0

[Event "HUN-chT2 Barcza 1516"]
[Site "Hungary"]
[Date "2016.02.14"]
[Round "7.12"]
[White "Lippai, Tibor"]
[Black "Hercz, Vendel"]
[Result "0-1"]
[WhiteElo "1426"]
[BlackElo "1494"]
[PlyCount "92"]
[EventDate "2015.09.13"]
[EventType "team-tourn"]
[EventRounds "11"]
[EventCountry "HUN"]
[SourceTitle "EXT 2017"]
[Source "ChessBase"]
[SourceDate "2016.10.25"]
[SourceVersion "1"]
[SourceVersionDate "2016.10.25"]
[SourceQuality "1"]
[WhiteTeam "Tiszavasvar"]
[BlackTeam "Hajduszoboszlo"]
[WhiteTeamCountry "HUN"]
[BlackTeamCountry "HUN"]

1. e4 c5 2. Nf3 d6 3. Nc3 g6 4. d4 cxd4 5. Nxd4 Bg7 6. Bb5+ Bd7 7. 0-0 Nf6 8. Qf3 Bxb5 9. Ndxb5 a6 10. Nd4 0-0 11. Bg5 Nbd7 12. Nde2 Qc7 13. Nf4 e6 14. Rad1 Ne5 15. Qe2 Nc4 16. Nd3 Nxb2 17. Nxb2 Qxc3 18. Nc4 d5 19. Nb6 Nxe4 20. Bd2 Nxd2 21. Qxd2 Rad8 22. Qxc3 Bxc3 23. Rb1 Bf6 24. Na4 b5 25. Nc5 Rd6 26. a4 bxa4 27. Nxa4 Rc6 28. Nb6 Bg7 29. Rfc1 Bh6 30. Nd7 Bxc1 31. Nxf8 Kxf8 32. Rxc1 a5 33. g3 a4 34. Ra1 Rc4 35. c3 Ke7 36. f4 h5 37. h4 Rxc3 38. Kh2 a3 39. Ra2 Rb3 40. Kh3 Kf6 41. f5 exf5 42. Rd2 Rb5 43. Ra2 Ra5 44. Kg2 Ra4 45. Kf2 d4 46. Ke2 g5 0-1

[Event "HUN-chT2 Barcza 1516"]
[Site "Hungary"]
[Date "2015.11.29"]
[Round "5.12"]
[White "Tofalusi, Adam"]
[Black "Hercz, Vendel"]
[Result "1/2-1/2"]
[WhiteElo "1753"]
[BlackElo "1516"]
[PlyCount "49"]
[EventDate "2015.09.13"]
[EventType "team-tourn"]
[EventRounds "11"]
[EventCountry "HUN"]
[SourceTitle "CBM 170 Extra"]
[Source "ChessBase"]
[SourceDate "2016.02.25"]
[SourceVersion "1"]
[SourceVersionDate "2016.02.25"]
[SourceQuality "1"]
[WhiteTeam "Debrecen Sakkbaratok"]
[BlackTeam "Hajduszoboszlo"]
[WhiteTeamCountry "HUN"]
[BlackTeamCountry "HUN"]

1. e4 c5 2. Nf3 d6 3. d4 cxd4 4. Nxd4 Nf6 5. Nc3 g6 6. Be3 Bg7 7. f3 0-0 8. Qd2 Bd7 9. 0-0-0 Nc6 10. Bc4 Rc8 11. Bb3 Ne5 12. Kb1 a6 13. h4 h5 14. Bh6 b5 15. Bxg7 Kxg7 16. Qg5 b4 17. Nd5 a5 18. Nxf6 exf6 19. Qg3 a4 20. Bd5 a3 21. Qf4 axb2 22. g4 hxg4 23. fxg4 Bxg4 24. Rdg1 Bh5 25. Nf5+ 1/2-1/2